000 00597nam a2200217Ia 4500
001 60441
008 170302n2016 ii |||gr||||Z||||||465
020 _a9788121929783
041 _a465
082 _a541
100 _aBahl,Arun ,
_eAuthor.
245 0 _aEssentials of Physical Chemistry
_cArun Bahl, B.S.Bahl & G.D.Tuli
_hTextual Documents
250 _aIst ed.
260 _aAssam
_bS.Chand & Company Ltd.
_c2016
300 _a1262pg:
_c23cm.
653 _aPhysical chemistry
653 _aG-Chemisry
700 _aBahl,B.S.,
_eAuthor.
700 _aTuli, G.D.,
_eAuthor.
942 _2ddc
_cBK
999 _c61576
_d61576